| 000 | 01110nam a22002297a 4500 | ||
|---|---|---|---|
| 005 | 20180803165509.0 | ||
| 008 | 131112b2004 ck ||||| |||| 00| 0 spa d | ||
| 040 |
_aCO-BoIAVH _cCO-BoIAVH |
||
| 041 | _aspa | ||
| 044 | _ack | ||
| 090 |
_aIAVH _b01464 |
||
| 100 |
_aRodriguez-Maritza _92458 |
||
| 245 |
_aCanales alternativos para la comercialización de productos biocomenrcio _bInforme final |
||
| 260 |
_aBogota _bInstituto de Investigación de Recursos Biológicos Alexander von Humboldt _c2004 |
||
| 300 |
_a141 p. _bil _c27 cm |
||
| 500 | _aInforme técnico contrato Nº G-148/03 | ||
| 520 | _aEstudio sobre los productos que están en la oferta de biocomercio, se encuentra cada vez más sensibilizado hacia productos y servicios diseñados, fabricados o prestados con el mínimo impacto ambiental y que presenta además la posibilidad de reutilización,reciclaje o recuperación,aspectos que actualmente están afectado los procesos de comercialización. | ||
| 650 |
_aCanales de comercializacion _92459 |
||
| 650 |
_aBiodiversidad _932414 |
||
| 650 |
_aBiocomercio _992419 |
||
| 942 |
_2z _cINFORME |
||
| 999 |
_c7773 _d7773 |
||